000 00238nam a2200097Ia 4500
008 240625s9999 xx 000 0 und d
041 _aeng
100 _aNICHOLAS JOHN M
245 _aPROJECT MANAGEMENT FOR BUSINESS AND TECH
260 _c2003
999 _c33048
_d33048